000
00255nam a22001217a 4500
008
171031b xxu||||| |||| 00| 0 eng d
041
_a
eng
080
_a
33
100
_a
58
101
_a
BUS
245
_a
CITIES AND HOUSING
_c
MUTH,R.F
942
_2
udc
_c
BK
999
_c
36630
_d
36630